000 00554nam a2200181Ia 4500
008 100920s9999 xx 000 0 und d
082 _b95310
_a891.43 न 05
100 _aधूमकेतू.
245 _aवाचिनीदेवी.
260 _bलक्ष्य साहित्य दिल्ली.
_c2005
300 _a191
_bसाधी
365 _b225
520 _aहिंदी.
630 _aवाचिनीदेवी.
650 _aहिंदी.
730 _aवाचिनीदेवी.
942 _cBOOK
999 _c735752
_d735749